Quel pays non limitrophe est le plus proche ? - Statistiques

Statistiques générales
  • Ce quiz a été pris 36 fois
  • Le résultat moyen est 8 sur 15
Statistiques - réponses
Hint Réponse % Correct
Portugal Maroc
86%
France Royaume-Uni
80%
Maroc Portugal
74%
Etats-Unis Russie
74%
Italie Croatie
66%
Allemagne Suède/Hongrie
57%
Argentine Pérou
51%
Egypte Jordanie/Arabie Saoudite
49%
Turquie Chypre
46%
Chine Japon/Corée du Sud
46%
Pologne Autriche
43%
Grèce Italie
37%
Thailande Vietnam
37%
Inde Sri Lanka
31%
Afrique du Sud Zambie
26%
Aucun quiz correspondant
Distribution des résultats
% des personnes avec chaque résultat
Percentile par nombre de réponses
Votre historique - résultats
Vous n’avez pas pris ce quiz